Reappraising value methodologies in construction for achieving best value (Record no. 106945)

MARC details
000 -LEADER
fixed length control field 01143cam a22002415a 4500
001 - CONTROL NUMBER
control field L137945
008 - FIXED-LENGTH DATA ELEMENTS--GENERAL INFORMATION
fixed length control field 070509s2005 xxk f 100 0 eng d
035 ## - SYSTEM CONTROL NUMBER
System control number (Sirsi) u137945
041 0# - LANGUAGE CODE
Language code of text/sound track or separate title eng
100 1# - MAIN ENTRY--PERSONAL NAME
Personal name Male, Steven
245 00 - TITLE STATEMENT
Title Reappraising value methodologies in construction for achieving best value
Medium [electronic resource]
260 ## - PUBLICATION, DISTRIBUTION, ETC.
Date of publication, distribution, etc. 2005
490 #0 - SERIES STATEMENT
Series statement COBRA
Volume/sequential designation 2005
520 ## - SUMMARY, ETC.
Summary, etc. Presents the results from a programme of action research studies, including a value methodology shaped around generic study styles. Concludes that the future of value management lies in designing, tailoring and implementing a particular generic study style to a specific situation.
651 #4 - SUBJECT ADDED ENTRY--GEOGRAPHIC NAME
Geographic name International
690 ## - LOCAL SUBJECT ADDED ENTRY--TOPICAL TERM (OCLC, RLIN)
Topical term or geographic name as entry element BUILT ENVIRONMENT-QUANTITY SURVEYING-CONSTRUCTION COST MANAGEMENT
700 1# - ADDED ENTRY--PERSONAL NAME
Personal name Kelly, John
700 1# - ADDED ENTRY--PERSONAL NAME
Personal name Drummond, Graham
700 1# - ADDED ENTRY--PERSONAL NAME
Personal name Gronqvist, Marcus
711 2# - ADDED ENTRY--MEETING NAME
Meeting name or jurisdiction name as entry element Construction and Building Research Conference
Location of meeting University of Queensland, Brisbane
Date of meeting or treaty signing 4-5 July 2005
856 40 - ELECTRONIC LOCATION AND ACCESS
Uniform Resource Identifier <a href="https://www.rics.org/site/scripts/download_info.aspx?downloadID=2579">https://www.rics.org/site/scripts/download_info.aspx?downloadID=2579</a>
Public note View the item free of charge at www.rics.org...
942 ## - ADDED ENTRY ELEMENTS (KOHA)
Suppress in OPAC 0
Holdings
Withdrawn status Lost status Source of classification or shelving scheme Damaged status Not for loan Home library Current library Shelving location Date acquired Total Checkouts Full call number Barcode Date last seen Copy number Price effective from Koha item type
    Dewey Decimal Classification     Virtual Virtual Online 09/05/2007   ONLINE PUBLICATION 137945-2001 06/08/2019 1 06/08/2019 Book